000 00447nam a2200169Ia 4500
003 GCL
008 140319s9999 xx 000 0 eng d
040 _aGCL /
_cGCL
082 0 4 _a614.4
_bA P
100 1 _aANOKUTE, CHARLES C.
245 1 0 _aPrinciples of Epidemiology /
_cANOKUTE, CHARLES C.
260 _a[S.N] :
_bKING SOUND UNIVERSITY PRESS
300 _a201
650 0 4 _aEPIDEMIOLOGY
650 0 4 _aEPIDEMIOLOGIC METHODS
942 _2ddc
_cBK
999 _c14141
_d14141